000 00688nam a2200229Ia 4500
008 240729s9999 xx 000 0 und d
022 _a2090-0848
245 0 _aEgyptian Academic Journal of Biological Sciences. D, Histology and Histochemistry
260 _aEgypt
260 _bEgyptian Society of Biological Sciences
650 _a Biology (General)
650 _a Biology (General)
650 _a Biology (General)
650 _a Ecology | Science
650 _a Evolution | Science
650 _a Genetics | Science
650 _a Physiology
650 _aScience
856 _uhttps://doaj.org/toc/f741f1b2a3d04e09a183672d165f56a7
942 _2ddc
942 _cDOAJEJ
999 _c67310
_d67310
945 _a1
_bMadushi Gamage
_c1
_dMadushi Gamage